<The> justice of islam
Enregistré dans:
| Auteur principal: | |
|---|---|
| Format: | Livre |
| Langue: | anglais |
| Publié: |
New York
Oxford University Press
2000
|
| Sujets: | |
| Tags: |
Pas de tags, Soyez le premier à ajouter un tag!
|
MARC
| LEADER | 00000nam$a2200000$$$4500 | ||
|---|---|---|---|
| 001 | 0113617 | ||
| 005 | 20240229083805.4 | ||
| 020 | |a 0-19-829885-4 | ||
| 041 | 0 | |a eng | |
| 044 | |a US | ||
| 245 | 1 | 0 | |a <The> justice of islam |c Lawrence Rosen |
| 264 | 1 | |a New York |b Oxford University Press |c 2000 | |
| 300 | |a 234 s. | ||
| 610 | 2 | 0 | |a náboženstvo |
| 610 | 2 | 0 | |a islam |
| 610 | 2 | 0 | |a zákony |
| 610 | 2 | 0 | |a spoločnosť |
| 610 | 2 | 0 | |a spravodlivosť |
| 610 | 2 | 0 | |a súdy |
| 610 | 2 | 0 | |a štýl životný |
| 610 | 2 | 0 | |a kultúra |
| 610 | 2 | 0 | |a Arabi |
| 100 | 1 | |a Rosen, Lawrence | |